Statistics for Latin Terminology Gauntlet #2

Click here to take the quiz!

General Stats

  • This quiz has been taken 9 times
  • The average score is 22 of 40

Answer Stats

HintAnswer% Correct
AestimatioEstimate / Value
100%
PaxPeace
100%
BienniumTwo Year Period
100%
FidesFaith / Trust
75%
RecitoRecite
75%
OccupoSeize / Occupy
75%
ProboApprove
50%
AmboBoth
50%
CoemoBuy
50%
CarrusCart / Wagon
50%
PrincipatusChief Authority
50%
DeligoChoose
50%
CommodeConveniently
50%
FacinusDeed / Crime
50%
SumptuosumExpensive
50%
ConcilioGain / Win Over
50%
ProdoGive / Betray
50%
SperoHope / Anticipate
50%
ObsesHostage / Pledge
50%
ImprudentiaImpudence / Ignorance / Foolishness
50%
FerramentumIron Implement
50%
IudicoJudge / Pass Judgment On
50%
SancioMake Sacred / Ratify
50%
MagisMore / Rather
50%
Ius IurandumOath
50%
TemereRashly / Blindly
50%
LonginquusRemote / Distant
50%
ClamSecretly
50%
ConfirmoSecure / Establish
50%
ScutumShield
50%
FirmumStrong / Firm
50%
TrepidoTremble / Shake in Fear
50%
ConorTry
50%
CaespesTurf
50%
TurpeUgly / Foul
50%
DubiumUncertain / Doubtful
50%
PerfacilisVery Easy
50%
VallumWall / Rampart
50%
QuinWhy Not
50%
PotiorTake / Capture
25%

Score Distribution

Percentile by Number Answered

Percent of People with Each Score

Your Score History

You have not taken this quiz